000 00995cam a22003014a 4500
001 14258103
003 OSt
005 20140310182443.0
008 060208s2007 maua 001 0 eng
010 _a 2006004474
020 _a9780073028200
020 _a0072988894 (hard copy : alk. paper)
040 _aDLC
_cDLC
_dDLC
042 _apcc
050 0 0 _aQL 47.2
_b.M55 2010
100 1 _aMiller, Stephen A.
_97447
245 1 0 _aZoology /
_cStephen A. Miller, John P. Harley.
250 _a8th ed
260 _aBoston :
_bMcGraw-Hill/Higher Education,
_cc2010.
300 _axix, 588 p. :
_bcol. ill. ;
_c29 cm.
650 0 _aZoology.
_97448
700 1 _aHarley, John P.
_97449
856 4 1 _3Table of contents only
_uhttp://www.loc.gov/catdir/toc/ecip068/2006004474.html
906 _a7
_bcbc
_corignew
_d1
_eecip
_f20
_gy-gencatlg
942 _2lcc
_cSSLC
999 _c13546
_d13546